000 00832nam a22002531 4500
001 172980
003 ES-MaACL
005 20230906215108.0
008 090930s1956 xxk r |||| | eng d
080 _a871-96"-00"=00
080 _a21
100 1 _aCicerón, Marco Tulio.
_938748
245 1 0 _aDe natura deorum
_b; Academica /
_cCicero ; with an English translation by H. Rackham.
250 _aRev. and reprint.
260 _aLondon :
_bWilliam Heinemann Ltd,
_c1956.
300 _aXIX, 664 p. ;
_c17 cm.
490 1 _aThe Loeb classical library ;
_v268
500 _aÍndices.
546 _aTexto en latín e inglés.
740 0 _aAcademica.
830 0 _aThe Loeb classical library ;
_v268
_9189091
852 4 _aES-MaACL
_jE-13020
_9R.139344 . -
_zBiblioteca Jacinto Martínez Lacalle
999 _c172980
_d172980